Zoobiquidade (Registo nº 35514)

Detalhes MARC
000 -Etiqueta do registo
Valores 01051nam a2200337 4500
010 ## - Número ISBN
ISBN 9789896876753
021 ## - Número do Depósito Legal
Código do país Portugal
Número 498931/22
100 ## - Dados gerais de processamento
Dados gerais 20220801d2022 m y0pory50030103ba
101 1# - Língua de publicação
Língua Português
102 ## - País de publicação
País Portugal
200 1# - Titulo e menção de responsabilidade
Título próprio Zoobiquidade
Informação de outro título o que os animais nos podem ensinar sobre sermos humanos
Primeira menção de responsabilidade Barbara Natterson-Horowitz, Kathryn Bowers
Outras menções de responsabilidade trad. João Silveira
205 ## - Menção da edição
Edição 1ª ed
210 #9 - Publicação
Local de publicação Lisboa
Nome do editor Pergaminho,
Data de publicação 2022
215 ## - Descrição física 
Paginação / Volumes 341, [3]
Dimensões 24 cm
304 ## - Nota relativa ao título
Texto de nota Tít. orig.: Zoobiquity
606 ## - Nome comum usado como assunto
ID Autoridade 810
Palavra de ordem Doenças dos animais
606 ## - Nome comum usado como assunto
ID Autoridade 6119
Palavra de ordem Patologia veterinária
606 ## - Nome comum usado como assunto
ID Autoridade 3346
Palavra de ordem Psicologia comparada
675 ## - CDU
Notação 159.929
675 ## - CDU
Notação 636.8.09
675 ## - CDU
Notação 619.9
675 ## - CDU
Notação 591.5
700 ## - Autor principal
Apelido Natterson-Horowitz
Nome Barbara
ID Autoridade 6120
701 ## - Autor co-responsavel
Apelido Bowers
Nome Kathryn
Função Autor
ID Autoridade 6121
702 ## - Autor secundário
ID Autoridade 6122
Apelido Silveira
Nome João
Função Tradutor
801 #0 - Fonte de origem
País PT
Agência BN
Regras de catalogação RPC
856 41 - Localização e acesso electrónico 
URL <a href="http://rnod.bnportugal.gov.pt/ImagesBN/winlibimg.aspx?skey=&doc=2106531&img=167388&save=true">http://rnod.bnportugal.gov.pt/ImagesBN/winlibimg.aspx?skey=&doc=2106531&img=167388&save=true</a>
090 ## - Tipo de documento
Koha biblioitem number (autogenerated) 35514
990 ## - Elementos KOHA
Tipo de documento Livro
994 ## - Estado da catalogação
Situação Completo
Exemplares
Situação do levantamento Situação do extravio Biblioteca de origem Biblioteca de empréstimo Código de barras Cota Permissão de empréstimo Tipo de documento Forma de aquisição
  Completo Biblioteca Municipal de Viana Do Alentejo Biblioteca Municipal de Viana Do Alentejo 0034241 159.9 NAT Disponível Livro Compra




Powered by Koha